书目信息 |
| 题名: |
应用表面化学与技术
|
|
| 作者: | 姜兆华 主编 | |
| 分册: | ||
| 出版信息: | 哈尔滨 哈尔滨工业大学出版社 2000.03 |
|
| 页数: | 301页 | |
| 开本: | 16开 | |
| 丛书名: | ||
| 单 册: | ||
| 中图分类: | O69-43 | |
| 科图分类: | ||
| 主题词: | 应用化学 , 化学--应用 | |
| 电子资源: | ||
| ISBN: | 7-5603-1439-2 | |
| 000 | 00609nam0 2200205 45 | |
| 001 | 1009080035 | |
| 005 | 20100908000639.7 | |
| 010 | @a7-5603-1439-2@d19.80元 | |
| 100 | @a20100908d2000 km y0chiy0120 ea | |
| 101 | 0 | @achi |
| 105 | @a z 000yy | |
| 200 | 1 | @a应用表面化学与技术@AYing Yong Biao Mian Hua Xue Yu Ji Shu@f姜兆华等主编@FJiang Zhao Hua Deng Zhu Bian |
| 210 | @a哈尔滨@c哈尔滨工业大学出版社@d2000.03 | |
| 215 | @a301页@d16开 | |
| 606 | 0 | @a应用化学 |
| 606 | 0 | @a化学@x应用 |
| 690 | @aO69-43@v3 | |
| 701 | 0 | @a姜兆华@4主编 |
| 801 | @aCN@bPftUser@c20100908 | |
| 905 | @b133439-443@dO69-43@eJ337@f5 | |
| 应用表面化学与技术/姜兆华等主编.-哈尔滨:哈尔滨工业大学出版社,2000.03 |
| 301页;16开 |
| ISBN 7-5603-1439-2:19.80元 |
| ● |
| 相关链接 |
|
|
|
正题名:应用表面化学与技术
索取号:O69-43/J337
 
预约/预借
| 序号 | 登录号 | 条形码 | 馆藏地/架位号 | 状态 | 备注 |
| 1 | 133439 | 201334396 | 自科库401/401自科库 66排3列4层/ [索取号:O69-43/J337] | 在馆 | |
| 2 | 133440 | 201334403 | 自科库401/401自科库 66排3列4层/ [索取号:O69-43/J337] | 在馆 | |
| 3 | 133441 | 201334412 | 自科库401/401自科库 66排3列4层/ [索取号:O69-43/J337] | 在馆 | |
| 4 | 133442 | 201334421 | 自科库401/401自科库 66排3列4层/ [索取号:O69-43/J337] | 在馆 | |
| 5 | 133443 | 201334430 | 自科库401/401自科库 66排3列4层/ [索取号:O69-43/J337] | 在馆 |